000 00869nam a2200253Ia 4500
003 OSt
005 20220923215252.0
006 a|||||r|||| 00| 0
007 ta
008 220922b |||||||| |||| 00| 0 hin d
024 _a177,255
037 _cTextual
040 _aARTS
_cARTS
_bhin
041 _2hin
_ahin
082 _aO152,1K15:g, L2
100 _aगौड़, मनोहरलाल
_9156272
245 0 _aघनांनद और स्वच्छदकाव्यधारा
246 _aGhanāannad aur svachchhadakāvyadhārā
260 _aकाशी
_b नागरीप्रचारिणी सभा
_c1972
300 _a455 पृ.
_ccm.
650 _aहिन्दी साहित्य
_9156264
942 _hO152,1K15:g, L2
_cTEXL
_2CC
999 _c330643
_d330643